000 00288nam a22001337a 4500
008 170510b xxu||||| |||| 00| 0 eng d
020 _a9780521618014
041 _aeng
080 _a34
100 _a15
101 _aSHJ
245 _aINTERNATIONAL LAW
_cYONAH.R.A
942 _2udc
_cBK
999 _c13060
_d13060